Вып. 7; Синтез алгоритмов сложных систем

Detalles Bibliográficos
Parent link:Синтез алгоритмов сложных систем: междуведомственный научно-технический сборник/ Таганрогский радиотехнический институт (ТРТИ). Вып. 7.— , 1974-
Outros autores: Колесников А. А. Анатолий Аркадьевич (редактор)
Idioma:ruso
Publicado: 1989
Subjects:
Formato: MixedMaterials Libro
KOHA link:https://koha.lib.tpu.ru/cgi-bin/koha/opac-detail.pl?biblionumber=226080

MARC

LEADER 00000nam2a2200000 4500
001 226080
005 20231101230715.0
035 |a (RuTPU)RU\TPU\book\246446 
035 |a RU\TPU\book\84783 
035 |a RU\TPU\book\246185 
090 |a 226080 
100 |a 20121115d1989 k y0rusy50 ca 
101 0 |a rus 
102 |a RU 
105 |a a z 001zy 
200 0 |a Вып. 7  |f отв. ред. А. А. Колесников 
210 |d 1989 
215 |a 162 с.  |c черт. 
320 |a Библиогр. в конце ст. 
461 1 |0 (RuTPU)RU\TPU\book\245701  |t Синтез алгоритмов сложных систем  |o междуведомственный научно-технический сборник  |f Таганрогский радиотехнический институт (ТРТИ)  |v Вып. 7  |d 1974- 
606 1 |a Сложные системы  |x Синтез  |2 stltpush  |3 (RuTPU)RU\TPU\subj\55203  |9 73263 
610 1 |a САУ 
610 1 |a системы автоматического управления 
610 1 |a исследования 
610 1 |a информационное обеспечение 
610 1 |a методы проектирования 
610 1 |a алгоритмы 
675 |a 681.51.013  |v 3 
702 1 |a Колесников  |b А. А.  |g Анатолий Аркадьевич  |4 340 
801 0 |a RU  |b RuMRKP  |c 19950417  |g psbo 
801 1 |a RU  |b 63413507  |c 20121109 
801 2 |a RU  |b 63413507  |c 20121117  |g RCR 
942 |c BK